00353nam a2200157Ia 4500003000400000005001700004008004000021040000700061041001200068082001600080100001400096245002900110250000600139260003900145300001100184OSt20250701151816.0210210b1978 xxu||||| |||| 00| 0 eng d cAL aEnglish a307.72 DESR aDesai A R aRural sociology in India a5 aBombay.bPopular Prakashan.,c1978 axx,968